00667 a2200217 4500010001400000020002300014035001300037037001600050082001200066245011100078260004500189270005400234300003000288500002000318700002000338700001600358700001500374700001900389700001800408700002300426 aENG-89415 a8120334571c325.00 aEN-72948 bDBAD / PUB14a004.6821 a(Six) 6 Microsoft office business applications for office sharepoint server 2007/cby Rob Barker...[et al] aNew DelhibPrentice Hall of Indiac2008 aM-97, Connaught CircusbNew DelhicDelhie110001 axvi, 302p.c23 cm ( Pbk.) aIncludes index1 aBichsel, Joanna1 aBuenz, Adam1 aFox, Steve1 aHolliday, John1 aNene, Bhushan1 aRavindran, Karthik